| 000 | 00000nam##2200000za#4500 |
| 001 | 9.680703 |
| 003 | CaOODSP |
| 005 | 20210615132358 |
| 007 | ta |
| 008 | 150407|1999||||xxc||||| f|0| 0 fre|d |
| 020 | |a0-662-83562-X |
| 040 | |aCaOODSP|bfre |
| 043 | |an-cn--- |
| 086 | 1 |aSC94-70/1999F |
| 110 | 1 |aCanada.|bCentre canadien de gestion. |bRéseau du service axé sur les citoyens. |
| 245 | 10|aLes guichets uniques : |binnovations et bonnes pratiques / |cpar Stephen Bent, Kenneth Kernaghan et D. Brian Marson. |
| 260 | |aOttawa - Ontario : |bCentre canadien de gestion. |c1999. |
| 300 | |av, 116p. ; |c28 cm. |
| 563 | |aCouverture souple |
| 590 | |a02-39|b2002-09-27 |
| 720 | 1 |aMarson, D. |
| 720 | 1 |aBent, Stephen |
| 720 | 1 |aKernaghan, Kenneth |
| 775 | 08|tInnovations and good practices in single-window service / |w(CaOODSP)9.647271 |
| 776 | 0#|tLes guichets uniques : |w(CaOODSP)9.640008 |